Statistics for Internet Money Charting Songs (Billboard Hot 100)

Click here to take the quiz!

General Stats

  • This quiz has been taken 26 times
    (12 since last reset)
  • The average score is 3 of 6

Answer Stats

AlbumWeeks OnPeakArtist(s)Song% Correct
B4 the Storm29 Weeks#6Internet Money & Gunna ft. Don Toliver & NAVLemonade
100%
IF YOU KNOW YOU KNOW*1 Week#67Internet Money ft. Don Toliver, Lil Uzi Vert & GunnaHis & Hers
56%
Internet Money Album4 Weeks#96Internet Money, Lil Tecca & A Boogie wit da HoodieSomebody
56%
B4 the Storm1 Week#79Internet Money ft. Juice WRLD & Trippie ReddBlastoff
44%
Fuck Love (Savage)1 Week#76Kid LAROI ft. YoungBoy Never Broke Again & Internet MoneyTragic
44%
Colors1 Week#72Internet Money ft. YoungBoy Never Broke AgainFlossin'
22%

Score Distribution

Percentile by Number Answered

Percent of People with Each Score

Your Score History

You have not taken this quiz since the last reset